|
|
|
|
| LEADER |
01080pam a22002898a 4500 |
| 001 |
00025589 |
| 005 |
20171026081023.0 |
| 008 |
110809s2008 ||||||viesd |
| 020 |
|
|
|c 25000
|
| 041 |
0 |
# |
|a vie
|
| 082 |
1 |
4 |
|a 801
|b D121L
|
| 100 |
1 |
# |
|a Todorov, Tzevan
|
| 245 |
1 |
0 |
|a Dẫn luận về văn chương kì ảo
|c Tzevan Todorov ; Dịch: Lê Hồng Sâm, Đặng Anh Đào
|
| 250 |
# |
# |
|a In lần thứ 2
|
| 260 |
# |
# |
|a H.
|b Đại học Sư phạm
|c 2008
|
| 300 |
# |
# |
|a 211 tr.
|b bảng
|c 21cm
|
| 650 |
# |
4 |
|a Lí luận văn học
|
| 650 |
# |
4 |
|a Văn học kì ảo
|
| 650 |
# |
4 |
|a Nghiên cứu văn học
|
| 650 |
# |
4 |
|a Mỹ học
|
| 700 |
1 |
# |
|a Đặng Anh Đào
|e Dịch
|
| 700 |
1 |
# |
|e Dịch
|a Lê Hồng Sâm
|
| 852 |
# |
# |
|j KM.0007791
|j KD.0010571
|j KM.0007768
|j KM.0007691
|j KM.0007785
|j KM.0010786
|
| 852 |
# |
# |
|b Kho đọc
|j KD.0010571
|
| 852 |
# |
# |
|b Kho mượn
|j KM.0007785, KM.0007791, KM.0007691, KM.0007768, KM.0010786
|
| 910 |
|
|
|d 09/08/2011
|
| 980 |
# |
# |
|a Trung tâm Học liệu Lê Vũ Hùng, Trường Đại học Đồng Tháp
|